| 000 | 00437 a2200169 4500 | ||
|---|---|---|---|
| 001 | 067912 | ||
| 003 | OSt | ||
| 005 | 20220111121504.0 | ||
| 008 | |||
| 082 |
_a305.4201 _bE72E |
||
| 245 | 1 |
_aEcofeminism and globalization _cedited by Heather Eaton |
|
| 250 | _aEaton, Heather, ed. | ||
| 260 |
_aLondon _bContinuum _c2003 |
||
| 300 | _a253p. | ||
| 653 | _aEcofeminism; Globalization | ||
| 942 |
_2ddc _cBK |
||
| 999 |
_c1769 _d1769 |
||